| 000 | 01435nam a2200397 a 4500 | ||
|---|---|---|---|
| 001 | ebr10427118 | ||
| 003 | CaPaEBR | ||
| 006 | m u | ||
| 007 | cr cn||||||||| | ||
| 008 | 090602s2009 enka sb 001 0 eng d | ||
| 010 | _z 2009455069 | ||
| 015 |
_aGBA8D4152 _2bnb |
||
| 016 | 7 |
_z014836939 _2Uk |
|
| 020 | _z9780826498038 (hbk.) | ||
| 020 | _z0826498043 (pbk.) | ||
| 020 | _z9780826498045 (pbk.) | ||
| 040 |
_aCaPaEBR _cCaPaEBR |
||
| 035 | _a(OCoLC)680036329 | ||
| 050 | 1 | 4 |
_aP301.5.A27 _bH95 2009eb |
| 082 | 0 | 4 |
_a401.41 _222 |
| 100 | 1 | _aHyland, Ken. | |
| 245 | 1 | 0 |
_aAcademic discourse _h[electronic resource] : _bEnglish in a global context / _cKen Hyland. |
| 260 |
_aLondon ; _aNew York : _bContinuum, _cc2009. |
||
| 300 |
_ax, 215 p. : _bill. |
||
| 490 | 1 | _aContinuum discourse series | |
| 504 | _aIncludes bibliographical references (p. 188-205) and indexes. | ||
| 533 |
_aElectronic reproduction. _bPalo Alto, Calif. : _cebrary, _d2013. _nAvailable via World Wide Web. _nAccess may be limited to ebrary affiliated libraries. |
||
| 650 | 0 | _aRhetoric. | |
| 650 | 0 | _aDiscourse analysis. | |
| 650 | 0 | _aAcademic writing. | |
| 650 | 0 |
_aScholars _xLanguage. |
|
| 655 | 7 |
_aElectronic books. _2local |
|
| 710 | 2 | _aebrary, Inc. | |
| 830 | 0 | _aContinuum discourse series. | |
| 856 | 4 | 0 |
_uhttp://site.ebrary.com/lib/rucke/Doc?id=10427118 _zAn electronic book accessible through the World Wide Web; click to view |
| 999 |
_c239864 _d239864 |
||